A text book of Refligeration and air conditioning (Record no. 2480)

MARC details
000 -LEADER
fixed length control field 00453nam a22001697a 4500
005 - DATE AND TIME OF LATEST TRANSACTION
control field 20211004135558.0
008 - FIXED-LENGTH DATA ELEMENTS--GENERAL INFORMATION
fixed length control field 160613b xxu||||| |||| 00| 0 eng d
020 ## - INTERNATIONAL STANDARD BOOK NUMBER
ISBN 81-219-2781-1
041 ## - LANGUAGE CODE
Language code of text/sound track or separate title eng
082 ## - DEWEY DECIMAL CLASSIFICATION NUMBER
Item number 7157
100 ## - MAIN ENTRY--AUTHOR NAME
Personal name Khurmi RS & Gupta, J.K.
245 ## - TITLE STATEMENT
Title A text book of Refligeration and air conditioning
260 ## - PUBLICATION, DISTRIBUTION, ETC. (IMPRINT)
Place of publication New Delhi
Name of publisher Sultan Chand & Sons,
Year of publication 1989
300 ## - PHYSICAL DESCRIPTION
Number of Pages 754
650 ## - SUBJECT ADDED ENTRY--TOPICAL TERM
Topical Term DIPLOMA ENGINEERING
942 ## - ADDED ENTRY ELEMENTS (KOHA)
Koha item type Books
Holdings
Lost status Damaged status Home library Current library Shelving location Date acquired Cost, normal purchase price Full call number Accession Number Koha item type
    JRU Library   SHELF-44-L 13/06/2016 550.00 7157 7157 Books
    JRU Library     13/06/2016 550.00 7157 7158 Books
    JRU Library   SHELF-44-L 13/06/2016 550.00 7157 7159 Books
    JRU Library     13/06/2016 550.00 7157 7160 Books
    JRU Library   SHELF-44-L 13/06/2016 550.00 7157 7161 Books